La evaluación de las leyes.

Uloženo v:
Podrobná bibliografie
Hlavní autor: Oelckers Camus, Osvaldo Adolfo (autor)
Další autoři: Bronfman Vargas, Alan Julio (autor), Vrsalovic Mihoevic, Juan (autor), Núñez Poblete, Manuel Antonio (autor), Pascual Concha, Jimena Alejandra (autora)
Médium: Kniha
Jazyk:španělština
Vydáno: Valparaíso, Chile Universitarias de Valparaíso 2002
Vydání:Primera edición
Edice:Ciencias Jurídicas
Témata:
Tagy: Přidat tag
Žádné tagy, Buďte první, kdo vytvoří štítek k tomuto záznamu!

MARC

LEADER 00000cam a2200000 a 4500
001 UCM1743
003 CL-VaPUC
005 20241015163846.0
008 020412e20020000CL |||||||||||||||||spa|d
999 |c 299984  |d 299982 
020 |a 956170319X 
040 |c Pontificia Universidad Católica de Valparaíso 
082 0 4 |a 348 OEL 2002  |2 21 
100 |a Oelckers Camus, Osvaldo Adolfo  |e autor  |9 737958 
245 1 3 |a La evaluación de las leyes. 
250 |a Primera edición 
260 0 3 |a Valparaíso, Chile  |b Universitarias de Valparaíso  |c 2002 
300 |a 170 páginas 
490 0 |a Ciencias Jurídicas 
583 |a last modification  |c 20170829 09:50:54  |k Rodrigo Vera 
650 0 |a Leyes  |9 256670 
650 0 |a Derecho constitucional   |9 222588 
650 0 |a Académicos   |x Pontificia Universidad Católica de Valparaíso (PUCV)  |9 255553 
650 0 |a Archivo histórico PUCV  |9 255554 
700 |a Bronfman Vargas, Alan Julio  |e autor  |9 814208 
700 0 |a Vrsalovic Mihoevic, Juan  |e autor  |9 468567 
700 |a Núñez Poblete, Manuel Antonio  |e autor  |9 820157 
700 |a Pascual Concha, Jimena Alejandra  |e autora  |9 752604 
942 |c BK  |2 ddc 
945 |d 20020412 00:00:00  |a vberengu 
952 |0 0  |1 0  |2 ddc  |4 0  |6 348_000000000000000_OEL_2002  |7 1  |8 C_LRYV  |9 357237  |a BIBDER  |b BIBDER  |d 2019-11-21  |i 3808602  |o 348 OEL 2002  |p 3808602  |r 2023-01-25  |t 2  |w 2019-11-21  |y BK_X  |k BRV 
952 |0 0  |1 0  |2 ddc  |4 0  |6 348_000000000000000_OEL_2002  |7 0  |8 A  |9 357240  |a BIBGIM  |b BIBGIM  |d 2019-11-21  |i 3817865  |o 348 OEL 2002  |p 3817865  |r 2025-01-15  |t 5  |w 2019-11-21  |y BK  |k SSL 
952 |0 0  |1 0  |2 ddc  |4 0  |6 348_000000000000000_OEL_2002  |7 0  |8 CCM  |9 357241  |a BIBCUR  |b BIBCUR  |d 2019-11-21  |i 4001575  |o 348 OEL 2002  |p 4001575  |r 2025-04-22  |t 6  |w 2019-11-21  |y BK  |k CIM 
952 |0 0  |1 0  |2 ddc  |4 0  |6 348_000000000000000_OEL_2002  |7 0  |8 X  |9 357242  |a FDOBUD  |b FDOBUD  |d 2019-11-21  |i 1079611  |o 348 OEL 2002  |p 1079611  |r 2019-11-21  |t 1  |w 2019-11-21  |y BK_X  |k FHP